000 00497nam a2200193Ia 4500
005 20250508163432.0
008 008 250505s9999 xx 000 0 eng d
037 _aTextual
040 _aFEDL
_beng
_cFEDL
041 _aeng
_2eng
084 _a370.98, SCH
_qFEDL
100 _aSchiefelbein Ernesto
245 0 _aEducational networks in Latin America
260 _c1982
300 _a44p.
650 _aEducation
942 _cTEXL
_h370.98, SCH
999 _c1383219
_d1383219